Globálna hystéria alebo smrtiaca pandémia? Psychologické úskalia rozhodnutí prijímaných v neistote

Možné dôsledky rozhodnutí prijatých za podmienok obmedzenej racionality v kontexte súčasného vývoja pandémie vo svete. Potenciálne chyby v odhade pravdepodobnosti, vytváranie správ, nadmerné sebavedomie, komparatívny optimizmus, konformita a konflikt presvedčenia a logiky súvisiaci s kognitívnym vní...

Descrizione completa

Salvato in:
Dettagli Bibliografici
Autore principale: Šišková, Veronika, 1992-
Natura: Capitolo di libro
Lingua:slovacco
Soggetti:
Tags: Aggiungi Tag
Nessun Tag, puoi essere il primo ad aggiungerne!!

MARC

LEADER 00000naa a2200000 4500
001 0270776
005 20240502074240.2
041 0 |a slo 
044 |a SK 
245 1 0 |a Globálna hystéria alebo smrtiaca pandémia? Psychologické úskalia rozhodnutí prijímaných v neistote  |c Veronika Šišková 
520 |a Možné dôsledky rozhodnutí prijatých za podmienok obmedzenej racionality v kontexte súčasného vývoja pandémie vo svete. Potenciálne chyby v odhade pravdepodobnosti, vytváranie správ, nadmerné sebavedomie, komparatívny optimizmus, konformita a konflikt presvedčenia a logiky súvisiaci s kognitívnym vnímaním vybraných problémov v súvislosti s pandémiou koronavírusu. 
610 2 0 |a koronavírus 
610 2 0 |a nestabilita finančná 
610 2 0 |a nestabilita hospodárstva 
610 2 0 |a nestabilita politická 
610 2 0 |a konflikty 
100 1 |a Šišková, Veronika, 1992-